LEADER 01298nam a2200301 a 4500 001 000000175935 003 CaOOAMICUS 005 20230614122357.0 008 230614s2016 it 000 u ita r 020 $a978-88-15-26528-9 032 $aLibriCat 040 $aPUL$bita 082 14$a341.48 100 1 $aScuccimarra, Luca.$0(OLS)http://pul/name/113042 245 10$aProteggere l'umanità :$bsovranità e diritti umani nell'epoca globale /$cLuca Scuccimarra. 260 $aBologna :$bIl Mulino,$c©2016. 300 $a267 pagine ;$c22 cm. 490 1 $aStudi e ricerche. Filosofia ;$a713 650 4$aDiritti umani$xStoria.$0(OLS)http://pul/subject/22670 830 0$aStudi e ricerche (Il Mulino).$pFilosofia ;$v713.$0(OLS)http://pul/title/217417 850 $aPUL 852 $aPUL$W1$xSL Diritto e Scienze Sociali 3$y79$m341. 48 SCULU 1$j200101$qDDC 21$B204882$CPULBib$Z2$F204882 $H136289 $82 941 1 $a9 996 $6020$a978-88-15-26528-9$9(OLS)http://pul/number/169175 996 $6082$a341.48$9(OLS)http://pul/classification/1879 996 $6245$aProteggere l'umanità : $bsovranità e diritti umani nell'epoca globale$9(OLS)http://pul/title/217416 996 $6260$aBologna :$bIl Mulino$9(OLS)http://pul/publisher/47928 LEADER 01338nam a2200337 a 4500 001 000000137876 003 CaOOAMICUS 005 20140326104652.0 008 140326s2008 it a u000 u ita r 020 $a978-88-7018-680-2 040 $aPUL$bita 041 1 $aita$hgrc 100 0 $aThucydides,$dc. 465-395 a.C.$0(OLS)http://pul/name/17111 245 10$aNatura e limiti della democrazia /$cTucidide, Platone ; a cura di Remo Viazzi ; prefazione di Carlo Angelino. 260 $aGenova :$bIl Melangolo,$c©2008. 300 $a68 p. ;$c21 cm. 490 1 $aOpuscola ;$v169 700 1 $aViazzi, Remo.$0(OLS)http://pul/name/88952 700 1 $aAngelino, Carlo.$0(OLS)http://pul/name/38744 700 0 $aPlato,$d427-347 a.C.$0(OLS)http://pul/name/250 830 0$aOpuscola ;$v169.$0(OLS)http://pul/title/16508 850 $aPUL 852 $aPUL$W1$xDP1 Fondo E. Rossi$y115$m7 B 16$j42709$qFondi$B158484$CPULBib$Z2$F158484 $82 900 $aTucidides,$dc. 465-395 a.C.$917111 900 $aTucidide,$dc. 465-395 a.C.$917111 900 $aPlatone,$d427-347 a.C.$9250 941 1 $a1 996 $6020$a978-88-7018-680-2$9(OLS)http://pul/number/154910 996 $6245$aNatura e limiti della democrazia$9(OLS)http://pul/title/174594 996 $6260$aGenova :$bIl Melangolo$9(OLS)http://pul/publisher/48888